ბათუმის შოთა რუსთაველის სახელმწიფო უნივერსიტეტის ბიბლიოთეკა

სასკოლო ცვლილების ადამიანური მხარე = The human side of school change : (ბიბ.ჩანაწერი № 59335)

000 -ლიდერი
ფიქსირებული სიგრძის საკონტროლო ველი 01520nam a22002177a 4500
003 - საკონტროლო ნომრის იდენტიფიკატორი
საკონტროლო ველი Ge_BSU
005 - ბოლო ოპერაციის თარიღი და დრო
საკონტროლო ველი 20230124135031.0
008 - ფიქსირებული სიგრძის მონაცემთა ელემენტები - ზოგადი ინფორმაცია
ფიქსირებული სიგრძის საკონტროლო ველი 230124s2009 ge ||||| |||| 00| 0 geo d
020 ## - წიგნის საერთაშორისო სტანდარტული ნომერი
International Standard Book Number 9789941908521
041 ## - ენის კოდი
Language code of text/sound track or separate title geo
080 ## - უნივერსალური ათობითი კლასიფიკაციის ინდექსი
Universal Decimal Classification number 37.014.3 ე-25
100 ## - მთავარი ჩანაწერი - პიროვნების სახელი
Personal name ევანსი, რობერტ
9 (RLIN) 16770
245 ## - ცნობა სათაურის შესახებ
Title სასკოლო ცვლილების ადამიანური მხარე = The human side of school change :
Remainder of title რეფორმა, წინააღმდეგობა და ინოვაციის ცხოვრებისეული პრობლემები /
Statement of responsibility, etc რობერტ ევანსი ; [მთარგმნ. კონსტანტინე გრძელიშვილი ; რედ.: არჩილ გამზარდია, ბერიკა შუკაკიძე, შორენა მაღლაკელიძე (სამეცნ. რედ.)].
264 ## - წარმოების, გამოცემის, დისტრიბუციის და სხვა ცნობები
გამოცემის, წარმოების, დისტრიბუციის... ადგილი [თბილისი] :
გამოცემის, წარმოების, დისტრიბუციის... სახელწოდება [ი. ჭავჭავაძის სახელმწ. უნ-ტის გამ-ბა],
გამოცემის, წარმოების, დისტრიბუციის... თარიღი [2009].
300 ## - ფიზიკური აღწერა
Extent 440 გვ. ;
Other physical details 20 სმ.
504 ## - BIBLIOGRAPHY, ETC. NOTE
Bibliography, etc ბიბლიოგრ. ტექსტ. შენიშვნ. და გვ. 428-439
653 ## - INDEX TERM--UNCONTROLLED
Uncontrolled term განათლების რეფორმა
653 ## - INDEX TERM--UNCONTROLLED
Uncontrolled term სასკოლო რეფორმა
700 ## - ADDED ENTRY--PERSONAL NAME
Personal name გრძელიშვილი, კონსტანტინე
Relator term მთარგმნელი
9 (RLIN) 16771
942 ## - ADDED ENTRY ELEMENTS (KOHA)
Source of classification or shelving scheme
Koha item type წიგნი
ეგზემპლარები
ჩამოწერის სტატუსი დაკარგული ეგზემპლარის სტატუსი კლასიფიკაციის წყარო ან თაროზე გაწყობის სქემა დაზიანების სტატუსი არ გაიცემა მუდმივი მდებარეობა (დაცვის ადგილი) ამჟამინდელი ადგილსამყოფელი თაროზე განთავსების ადგილი შეძენის თარიღი ღირებულება, შესყიდვის ნორმალური ფასი სრული შენახვის შიფრი შტრიხკოდი ბოლო ოპერაციის თარიღი ეგზემპლარის მიმდევრობითი ნომერი (კეტერი?) ფასის ძალაში შესვლის თარიღი ეგზემპლარის სახეობა საჯარო შენიშვნა
          ბათუმის შოთა რუსთაველის სახელმწიფო უნივერსიტეტის მთავარი ბიბლიოთეკა ბათუმის შოთა რუსთაველის სახელმწიფო უნივერსიტეტის მთავარი ბიბლიოთეკა წიგნსაცავი 2023-01-24 10.00 37.014.3 ე-25 63504 2023-01-24 63504 2023-01-24 წიგნი 10 ლ.
          ბათუმის შოთა რუსთაველის სახელმწიფო უნივერსიტეტის მთავარი ბიბლიოთეკა ბათუმის შოთა რუსთაველის სახელმწიფო უნივერსიტეტის მთავარი ბიბლიოთეკა წიგნსაცავი 2023-01-24 10.00 37.014.3 ე-25 63505 2023-01-24 63505 2023-01-24 წიგნი 10 ლ.
          ბათუმის შოთა რუსთაველის სახელმწიფო უნივერსიტეტის მთავარი ბიბლიოთეკა ბათუმის შოთა რუსთაველის სახელმწიფო უნივერსიტეტის მთავარი ბიბლიოთეკა წიგნსაცავი 2023-01-24 10.00 37.014.3 ე-25 63506 2023-01-24 63506 2023-01-24 წიგნი 10 ლ.
          ბათუმის შოთა რუსთაველის სახელმწიფო უნივერსიტეტის მთავარი ბიბლიოთეკა ბათუმის შოთა რუსთაველის სახელმწიფო უნივერსიტეტის მთავარი ბიბლიოთეკა წიგნსაცავი 2023-01-24 10.00 37.014.3 ე-25 63507 2023-01-24 63507 2023-01-24 წიგნი 10 ლ.
          ბათუმის შოთა რუსთაველის სახელმწიფო უნივერსიტეტის მთავარი ბიბლიოთეკა ბათუმის შოთა რუსთაველის სახელმწიფო უნივერსიტეტის მთავარი ბიბლიოთეკა წიგნსაცავი 2023-01-24 10.00 37.014.3 ე-25 63508 2023-01-24 63508 2023-01-24 წიგნი 10 ლ.
          ბათუმის შოთა რუსთაველის სახელმწიფო უნივერსიტეტის მთავარი ბიბლიოთეკა ბათუმის შოთა რუსთაველის სახელმწიფო უნივერსიტეტის მთავარი ბიბლიოთეკა წიგნსაცავი 2023-01-24 10.00 37.014.3 ე-25 63509 2023-01-24 63509 2023-01-24 წიგნი 10 ლ.